La Liga 2013-2014 Top scorers - Statistics

General Stats
  • This quiz has been taken 29 times
  • The average score is 9 of 12
Answer Stats
Goals Nationality Club Player % Correct
31 Portugal Real Madrid Cristiano Ronaldo
100%
15 Wales Real Madrid Gareth Bale
100%
17 France Real Madrid Karim Benzema
100%
28 Argentina Barcelona Lionel Messi
100%
19 Chile Barcelona Alexis Sánchez
96%
16 France Real Sociedad Antoine Griezmann
71%
27 Spain Atlético Madrid Diego Costa
71%
15 Spain Barcelona Pedro
71%
16 Spain Athletic Bilbao Aritz Aduriz
68%
16 Mexico Real Sociedad Carlos Vela
61%
15 France Sevilla Kevin Gameiro
46%
15 Spain Real Valladolid Javi Guerra
14%
No matching quizzes found
Score Distribution
Percent of People with Each Score
Percentile by Number Answered
Your Score History
You have not taken this quiz